| 000 | 03535nam a2200385 i 4500 | ||
|---|---|---|---|
| 001 | 22053273 | ||
| 003 | EG-ScBUE | ||
| 005 | 20230307023059.0 | ||
| 008 | 210525s2022 enk f b 001 0 eng d | ||
| 020 | _a9780367260781 | ||
| 040 |
_aDLC _beng _erda _cDLC _dEG-ScBUE |
||
| 082 | 0 | 0 |
_a340.0285 _222 _bDIG |
| 245 | 0 | 0 |
_aDigital lawyering : _btechnology and legal practice in the 21st century / _cEmma Jones, [and three others] |
| 264 | 1 |
_aAbingdon, Oxon ; _aNew York, NY : _bRoutledge, _c2022. |
|
| 300 |
_axii, 505 pages : _billustrations ; _c24 cm |
||
| 336 |
_atext _btxt _2rdacontent |
||
| 337 |
_aunmediated _bn _2rdamedia |
||
| 338 |
_avolume _bnc _2rdacarrier |
||
| 504 | _aIncludes bibliographical references and index. | ||
| 505 | 0 | _aIntroduction : defining digital lawyering -- The 21st century legal professional -- A guide to technology -- Delivering legal services without lawyers -- The use and practice of social media -- Big data and analytics -- Using artificial intelligence to enhance and augment the delivery of legal services -- Digital evidence and its admissibility in the courtroom -- Online justice -- Blockchain -- Digital lawyering skills -- The changing legal profession -- Professional identity and the digital lawyer -- Conclusion : shaping the future of digital lawyering. | |
| 520 |
_a"In today's rapidly changing legal landscape, becoming a digital lawyer is vital to success within the legal profession. This textbook provides an accessible and thorough introduction to digital lawyering, present and future, and a toolkit for gaining the key attributes and skills required to utilise technology within legal practice effectively. Digital technologies have already begun a radical transformation of the legal profession and the justice system. Digital Lawyering introduces students to all key topics, from the role of blockchain to the use of digital evidence in courtrooms, supported by contemporary case studies and integrated, interactive activities. The book considers specific forms of technology, such as Big Data, analytics and Artificial Intelligence, but also broader issues including regulation, privacy and ethics. It encourages students to explore the impact of digital lawyering upon professional identity, and to consider the emerging skills and competencies employers now require. Using this textbook will allow students to identify, discuss and reflect on emerging issues and trends within digital lawyering in a critical and informed manner, drawing on both its theoretical basis and accounts of its use in legal practice. Digital Lawyering is ideal for use as a main textbook on modules focused on technology and law, and as a supplementary textbook on modules covering lawyering and legal skills more generally"-- _cProvided by publisher. |
||
| 650 | 7 |
_aPractice of law _xAutomation. _2BUEsh |
|
| 650 | 7 |
_aPractice of law _xTechnological innovations. _2BUEsh |
|
| 650 | 7 |
_aLawyers _xEffect of technological innovations on. _2BUEsh |
|
| 650 | 7 |
_aInternet in legal services. _2BUEsh |
|
| 650 | 7 |
_aTechnology and law. _2BUEsh |
|
| 653 |
_bLLAAWW _cMarch2023 |
||
| 655 | _vReading book | ||
| 700 | 1 |
_aJones, Emma _c(Law teacher), _eauthor. |
|
| 776 | 0 | 8 |
_iOnline version: _aJones, Emma (Law teacher). _tDigital lawyering _dAbingdon, Oxon ; New York, NY : Routledge, 2022 _z9780429298219 _w(DLC) 2021025086 |
| 906 |
_a7 _bcbc _corignew _d1 _eecip _f20 _gy-gencatlg |
||
| 942 |
_2ddc _cBB |
||
| 999 |
_c30215 _d30186 |
||